| 000 | 01149cam a2200301Li 4500 | ||
|---|---|---|---|
| 001 | 92610 | ||
| 005 | 20230410102117.0 | ||
| 008 | 011023s1999 dr u000 0 spa d | ||
| 035 | _a(OCoLC)ocn496280845 | ||
| 040 |
_aZWZ _encafnor _bfre _cZWZ |
||
| 029 | 0 |
_aZWZ _b07125031X |
|
| 035 | _a(OCoLC)496280845 | ||
| 050 | 1 | 4 |
_a118 ND 315 _bS211pi 1999 |
| 100 | 1 |
_aSánchez, Mariano, _d1964- |
|
| 245 | 1 | 0 |
_aMariano Sánchez : _bla pintura de un visionario / _cMariano Sánchez : [Santo Domingo], Museo de Arte Moderno, 20 enero - 20 febrero 1999 / _c[Museo de arte Moderno]. |
| 246 | 3 | 0 | _aPintura de un visionario |
| 260 |
_aSanto Domingo : _bMuseo de Arte Moderno, _c1999. |
||
| 300 |
_a64 p. : _bcouv. ill. en coul. , ill. en coul. ; _c23 cm. |
||
| 504 | _aIncludes bibliographical references (p. 337). | ||
| 600 | 1 | 0 |
_aSánchez, Mariano, 1964- _xCriticism and interpretation. |
| 600 | 1 | 4 | _aSánchez, Mariano, 1964- |
| 650 | 4 |
_aPintura _zRepública Dominicana |
|
| 710 | 2 | _aMuseo de Arte Moderno (Santo Domingo) | |
| 730 | 0 |
_aExposition _gSanto Domingo. Museo de Arte Moderno. 1999. |
|
| 942 |
_2lcc _cbk |
||
| 946 | _aPP | ||
| 994 |
_aC0 _bDRFGD |
||
| 999 |
_c19213 _d19213 |
||